000 00483 a2200145 4500
005 20250606093241.0
020 _a978-1-935589-67-9
082 _aLECT 658.4094 PRO
111 _aPMI Book Service center (PMBOK GUIDE)
245 _aA guide to the project management body of knowledge (PMBOK GUIDE)
250 _a5th Ed.
260 _aPennsylvania,
_bProject management Institute,
_c2013.
300 _axxi, 589p.: ill.; figure, table.
_bGlossary, index,
_c27cm.
942 _2ddc
_cBKS
999 _c3289
_d3289